[Event "TUR Cup"]
[Site "Denizli"]
[Date "2023.07.22"]
[Round "9"]
[White "Caglayan, Ezgisu"]
[Black "Gokturk, Aybuke"]
[Result "0-1"]
[WhiteElo "1301"]
[BlackElo "1346"]
[PlyCount "94"]
[EventDate "2023.07.16"]
[EventType "team-tourn"]
[EventRounds "9"]
[EventCountry "TUR"]
[SourceTitle "CBM 215 Extra"]
[Source "ChessBase"]
[SourceDate "2023.09.30"]
[SourceVersion "1"]
[SourceVersionDate "2023.09.30"]
[SourceQuality "1"]

1. d4 d5 2. f4 Bf5 3. e3 c5 4. c3 e6 5. Bd3 Bxd3 6. Qxd3 Nf6 7. Nf3 Be7 8. Nbd2 0-0 9. 0-0 Nbd7 10. Ne5 g6 11. Rf3 Rc8 12. Rh3 cxd4 13. exd4 Qb6 14. Qe2 h5 15. Nf1 Kg7 16. Ng3 Qd6 17. Bd2 Nb6 18. Re1 Rce8 19. Rf1 Rh8 20. f5 exf5 21. Rxf5 h4 22. Bf4 Qd8 23. Rg5 hxg3 24. Rgxg3 Ne4 25. Rd3 Rxh3 26. Rxh3 Rh8 27. Rf3 Bf6 28. Ng4 Bg5 29. Be5+ f6 30. Bg3 Nxg3 31. Rxg3 Re8 32. Qf1 Bh4 33. Rf3 Re1 34. Qxe1 Bxe1 35. Nxf6 Qxf6 36. Rxf6 Kxf6 37. Kf1 Bd2 38. Ke2 Bf4 39. g3 Bd6 40. b3 a5 41. Kd3 a4 42. c4 axb3 43. axb3 dxc4+ 44. bxc4 Nd7 45. c5 Nxc5+ 46. dxc5 Bxc5 47. h3 Kg5 0-1

[Event "TUR Cup"]
[Site "Denizli"]
[Date "2023.07.20"]
[Round "7"]
[White "Caglayan, Ezgisu"]
[Black "Gur, Tuba"]
[Result "0-1"]
[WhiteElo "1301"]
[BlackElo "1668"]
[PlyCount "104"]
[EventDate "2023.07.16"]
[EventType "team-tourn"]
[EventRounds "9"]
[EventCountry "TUR"]
[SourceTitle "CBM 215 Extra"]
[Source "ChessBase"]
[SourceDate "2023.09.30"]
[SourceVersion "1"]
[SourceVersionDate "2023.09.30"]
[SourceQuality "1"]

1. d4 d5 2. f4 g6 3. e3 Bg7 4. Nf3 Nh6 5. Bd3 Bf5 6. c3 Nd7 7. Bc2 c5 8. 0-0 0-0 9. Nbd2 cxd4 10. exd4 Qc7 11. Ne5 Bxc2 12. Qxc2 Nf5 13. Qd3 Nf6 14. g4 Nd6 15. Rf3 Nfe4 16. Rh3 f6 17. Nef3 Qd7 18. Ne1 Qxg4+ 19. Ng2 Qd1+ 20. Nf1 Qxd3 21. Rxd3 b5 22. Ng3 f5 23. Ne1 a5 24. Nf3 Rfc8 25. Ne5 b4 26. Ne2 bxc3 27. bxc3 Nb5 28. Bb2 Bxe5 29. dxe5 e6 30. a4 Na7 31. Rad1 Rc4 32. Rd4 Rac8 33. Kg2 R4c7 34. R4d3 Nc5 35. Rd4 Nc6 36. R4d2 Nxa4 37. Ba3 Nb6 38. Bd6 Rd7 39. Rd3 Nc4 40. Nd4 Nxd4 41. Rxd4 Ne3+ 42. Kf2 Nxd1+ 43. Rxd1 Rxc3 44. Ra1 Rb7 45. Ra2 a4 46. Ke2 a3 47. Kd2 Rh3 48. Kc1 Rb2 49. Rxb2 axb2+ 50. Kxb2 Rxh2+ 51. Kc3 Rf2 52. Kd3 Rxf4 0-1

[Event "TUR Cup"]
[Site "Denizli"]
[Date "2023.07.18"]
[Round "4"]
[White "Tastekin, Sevval Sena"]
[Black "Caglayan, Ezgisu"]
[Result "0-1"]
[WhiteElo "1254"]
[BlackElo "1301"]
[PlyCount "53"]
[EventDate "2023.07.16"]
[EventType "team-tourn"]
[EventRounds "9"]
[EventCountry "TUR"]
[SourceTitle "CBM 215 Extra"]
[Source "ChessBase"]
[SourceDate "2023.09.30"]
[SourceVersion "1"]
[SourceVersionDate "2023.09.30"]
[SourceQuality "1"]

1. d4 d5 2. c4 e6 3. Nc3 c6 4. e3 Bd6 5. Nf3 f5 6. h4 Nf6 7. a3 Nbd7 8. b4 0-0 9. Bd3 Ne4 10. Bb2 Qe7 11. Qe2 a6 12. Rg1 Ndf6 13. c5 Bc7 14. a4 Ng4 15. Bxe4 fxe4 16. Ng5 Nxf2 17. Nd1 Bg3 18. Kd2 e5 19. Rf1 Bg4 20. Qe1 Bxd1 21. Rxf2 Rxf2+ 22. Kxd1 Bxh4 23. g3 Bxg3 24. Nh3 Rf3 25. Qe2 Raf8 26. Bc3 Qh4 27. Qg2 0-1

[Event "TUR Cup"]
[Site "Denizli"]
[Date "2023.07.16"]
[Round "1"]
[White "Caglayan, Ezgisu"]
[Black "Yildiz, Esma1111"]
[Result "1-0"]
[WhiteElo "1301"]
[BlackElo "1414"]
[PlyCount "55"]
[EventDate "2023.07.16"]
[EventType "team-tourn"]
[EventRounds "9"]
[EventCountry "TUR"]
[SourceTitle "CBM 215 Extra"]
[Source "ChessBase"]
[SourceDate "2023.09.30"]
[SourceVersion "1"]
[SourceVersionDate "2023.09.30"]
[SourceQuality "1"]

1. d4 d5 2. f4 Nf6 3. e3 e6 4. Bd3 c5 5. c3 Nc6 6. Nf3 b6 7. 0-0 Bd6 8. Ne5 Bd7 9. Nd2 0-0 10. Rf3 h6 11. Rh3 Be7 12. g4 Nh7 13. g5 Nxe5 14. dxe5 Bxg5 15. fxg5 Qxg5+ 16. Rg3 Qxe5 17. Nf3 Qd6 18. Bxh7+ Kxh7 19. e4 e5 20. Nh4 Qf6 21. Qh5 dxe4 22. Bg5 Qe6 23. Rf1 Be8 24. Bf6 Rg8 25. Rf2 gxf6 26. Nf5 Rxg3+ 27. hxg3 Kg8 28. Qxh6 1-0

[Event "TUR-ch U13/18 Girls"]
[Site "Antalya"]
[Date "2023.01.28"]
[Round "9"]
[White "Filo, Hatice"]
[Black "Caglayan, Ezgisu"]
[Result "0-1"]
[WhiteElo "1118"]
[BlackElo "1290"]
[PlyCount "66"]
[EventDate "2023.01.17"]
[EventType "swiss"]
[EventRounds "9"]
[EventCountry "TUR"]
[SourceTitle "EXT 2024"]
[Source "ChessBase"]
[SourceDate "2023.10.10"]
[SourceVersion "1"]
[SourceVersionDate "2023.10.10"]
[SourceQuality "1"]

1. e4 c5 2. Nf3 d6 3. d4 cxd4 4. Nxd4 a6 5. Nc3 e5 6. Nb3 Be6 7. Be3 Nf6 8. h3 Be7 9. f4 exf4 10. Bxf4 Nc6 11. Qe2 0-0 12. 0-0-0 Qc7 13. g4 b5 14. a3 Ne5 15. Kb1 Rfb8 16. g5 Nfd7 17. Nd5 Bxd5 18. exd5 Nb6 19. h4 Nbc4 20. h5 a5 21. Qe4 a4 22. Nd2 Qc5 23. Nxc4 bxc4 24. Qe3 Qxe3 25. Bxe3 c3 26. Rg1 Rxb2+ 27. Ka1 Rxc2 28. Rb1 Nf3 29. Rg3 Nd2 30. Bxd2 cxd2 31. Rd3 Rac8 32. Be2 Bxg5 33. Rd4 Bf6 0-1